HL7 RIM & relational database mapping: an ontological approach to achieve mapping at data type level (Record no. 11337)
[ view plain ]
| 000 -LEADER | |
|---|---|
| fixed length control field | 00544 a2200133 4500 |
| 082 ## - DEWEY DECIMAL CLASSIFICATION NUMBER | |
| Classification number | MS-IT-9 |
| 100 ## - MAIN ENTRY--PERSONAL NAME | |
| Personal name | Mariyum Gul |
| 9 (RLIN) | 99082 |
| 245 ## - TITLE STATEMENT | |
| Title | HL7 RIM & relational database mapping: an ontological approach to achieve mapping at data type level |
| Statement of responsibility, etc. | Mariyum Gul |
| 260 ## - PUBLICATION, DISTRIBUTION, ETC. | |
| Place of publication, distribution, etc. | Islamabad |
| Name of publisher, distributor, etc. | NUST-SEECS |
| Date of publication, distribution, etc. | 2011 |
| 300 ## - PHYSICAL DESCRIPTION | |
| Extent | 55p. |
| Other physical details | ;ill. |
| Dimensions | ;27cm.+ |
| Accompanying material | CD ROM |
| 500 ## - GENERAL NOTE | |
| General note | Supervisors:Dr. Hafiz Farooq Ahmed, Dr. Khalid Latif, Mr. Bilal Ali, Mr. Muhammad Bilal |
| 856 ## - ELECTRONIC LOCATION AND ACCESS | |
| Uniform Resource Identifier | <a href="http://10.250.8.41:8080/xmlui/handle/123456789/13465">http://10.250.8.41:8080/xmlui/handle/123456789/13465</a> |
| 942 ## - ADDED ENTRY ELEMENTS (KOHA) | |
| Koha item type | Project Report |
| Call number prefix | MS-IT-9 1215 |
| Source of classification or shelving scheme | |
| Withdrawn status | Lost status | Damaged status | Not for loan | Permanent Location | Current Location | Total Checkouts | Full call number | Barcode | Date last seen | Price effective from | Koha item type |
|---|---|---|---|---|---|---|---|---|---|---|---|
| Central Library (CL) | Central Library (CL) | MS-IT-9 1215 | SEECSP01215 | 11/14/2012 | 11/14/2012 | Project Report |
